Milosz : Oscar Vladislas Milosz /

Saved in:
Bibliographic Details
Main Author: Milosz, O. V. de L. (Oscar Vladislas de Lubicz), 1877-1939
Other Authors: Buge, Jacques
Format: Book
Language:French
Published: Paris : Andre Silvaire, 1979.
Series:Commaissez-vous?
Subjects:
LEADER 00878nam a22002171 4500
001 c000202543
003 CARM
005 20021125002000.0
008 851113s1979 fr 1 fre d
019 1 |a 4126711  |5 LACONCORD2021 
035 |a (OCoLC)218812183  |5 LACONCORD2021 
100 1 |a Milosz, O. V. de L.  |q (Oscar Vladislas de Lubicz),  |d 1877-1939. 
245 1 0 |a Milosz :  |b Oscar Vladislas Milosz /  |c choix de textes presentes par Jacques Buge. 
260 |a Paris :  |b Andre Silvaire,  |c 1979. 
440 0 |a Commaissez-vous? 
600 1 0 |a Milosz, O. V. de L.  |q (Oscar Vladislas de Lubicz),  |d 1877-1939, 
700 1 |a Buge, Jacques. 
852 8 |b CARM  |h A2:AK20A0  |i B06101  |p 0287670  |f BK 
082 0 4 |a 843.9 
999 f f |i 1f363289-cfc7-5416-9fa5-36f419c31985  |s 06eb2bc0-6d9b-546e-a6f2-b21217f3a8c3 
952 f f |p Can circulate  |a CAVAL  |b CAVAL  |c CAVAL  |d CARM 1 Store  |e B06101  |f A2:AK20A0  |h Other scheme  |i book  |m 0287670